[Event "Cancun Camara Cup 11th"]
[Site "Cancun"]
[Date "2023.10.11"]
[Round "1"]
[White "Gutierrez Delgado, Yusuan Alfredo"]
[Black "Vega Castaneda, Ulises Antonio"]
[Result "1-0"]
[WhiteElo "2322"]
[BlackElo "1907"]
[PlyCount "93"]
[EventDate "2023.10.11"]
[EventType "swiss"]
[EventRounds "9"]
[EventCountry "MEX"]
[SourceTitle "Mega2024 Update 01"]
[Source "Chessbase"]
[SourceDate "2023.11.12"]
[SourceVersion "1"]
[SourceVersionDate "2023.11.12"]
[SourceQuality "1"]

1. c4 Nc6 2. Nc3 e6 3. d4 d5 4. Nf3 Nf6 5. Bg5 Be7 6. e3 a6 7. Bd3 h6 8. Bh4 dxc4 9. Bxc4 b5 10. Bd3 Nb4 11. Be2 Bb7 12. 0-0 c5 13. a3 Nbd5 14. Nxd5 Qxd5 15. dxc5 Bxc5 16. Bxf6 gxf6 17. Qxd5 Bxd5 18. Rac1 Bb6 19. Nd2 Ke7 20. Bf3 Rhd8 21. g3 Bxf3 22. Nxf3 Rac8 23. Rfe1 Rxc1 24. Rxc1 Rd6 25. Kf1 f5 26. Ke2 f6 27. Nh4 Bd8 28. h3 Ba5 29. Rc2 Kf7 30. Nf3 h5 31. Rc8 Bd8 32. Nd4 Bb6 33. Nf3 Bd8 34. Nh4 Ba5 35. b4 Bd8 36. Ra8 Bc7 37. Nf3 Ke7 38. Rh8 Rc6 39. Rh7+ Kf8 40. Nd4 Kg8 41. Re7 Rc3 42. Kd2 Rc4 43. Rxe6 Be5 44. Nxf5 a5 45. bxa5 Ra4 46. f4 Bc3+ 47. Kxc3 1-0

[Event "Villahermosa Tabasco-ch"]
[Site "Villahermosa"]
[Date "2023.08.05"]
[Round "5"]
[White "Gutierrez Delgado, Yusuan Alfredo"]
[Black "Acevedo Morales, Leonardo"]
[Result "1-0"]
[WhiteElo "2319"]
[BlackElo "1324"]
[PlyCount "66"]
[EventDate "2023.08.04"]
[EventType "swiss"]
[EventRounds "9"]
[EventCountry "MEX"]
[SourceTitle "CBM 215 Extra"]
[Source "ChessBase"]
[SourceDate "2023.09.30"]
[SourceVersion "1"]
[SourceVersionDate "2023.09.30"]
[SourceQuality "1"]

1. e4 e5 2. Nf3 Nc6 3. Bb5 Nf6 4. d3 Bc5 5. Bxc6 dxc6 6. Nbd2 0-0 7. Nc4 Re8 8. Qe2 Bg4 9. h3 Bxf3 10. Qxf3 b5 11. Ne3 Bb4+ 12. c3 Bxc3+ 13. bxc3 Qxd3 14. Nd1 Qxe4+ 15. Qxe4 Nxe4 16. 0-0 a5 17. Re1 Nc5 18. Nb2 e4 19. Be3 Ne6 20. g4 a4 21. a3 c5 22. Red1 Re7 23. Rd5 c6 24. Re5 c4 25. Rxe4 Rd7 26. Nxc4 bxc4 27. Rxc4 Ra6 28. Rb1 Kf8 29. Rbb4 Rd5 30. Rxa4 Rxa4 31. Rxa4 Nc5 32. Rc4 Rd1+ 33. Kg2 Kg8 1-0

[Event "Mexican op 68th"]
[Site "Mexico City"]
[Date "2023.04.07"]
[Round "5"]
[White "Gutierrez Delgado, Yusuan Alfredo"]
[Black "Quesada Perez, Luis Ernesto"]
[Result "0-1"]
[WhiteElo "2322"]
[BlackElo "2562"]
[PlyCount "85"]
[EventDate "2023.04.04"]
[EventType "swiss"]
[EventRounds "9"]
[EventCountry "MEX"]
[SourceTitle "CBM 213 Extra"]
[Source "ChessBase"]
[SourceDate "2023.05.31"]
[SourceVersion "1"]
[SourceVersionDate "2023.05.31"]
[SourceQuality "1"]

1. e4 c5 2. Nf3 d6 3. d4 cxd4 4. Nxd4 Nf6 5. Nc3 a6 6. Bg5 Nbd7 7. Qe2 Qc7 8. 0-0-0 h6 9. Bh4 e6 10. f4 Be7 11. g4 b5 12. e5 dxe5 13. fxe5 Qxe5 14. Qf3 Qb8 15. Bg2 Ra7 16. Nc6 Bb7 17. Bxf6 Bxc6 18. Qxc6 Bxf6 19. Ne4 Ke7 20. Nxf6 gxf6 21. Rhf1 Rc8 22. Qf3 Qe5 23. h4 Rac7 24. Rf2 b4 25. Kb1 a5 26. Re2 Qc5 27. Qf4 Rg8 28. Bd5 Ne5 29. Bb3 Rxg4 30. Qxh6 Rg1 31. Ree1 Rxe1 32. Rxe1 Qb5 33. Qf4 a4 34. Rf1 axb3 35. Qxf6+ Kd7 36. axb3 Qe2 37. Rc1 Kc8 38. Qg7 Nd3 39. Qf8+ Kb7 40. cxd3 Qxd3+ 41. Ka2 Rc3 42. Rc2 Rxc2 43. Qxb4+ 0-1

[Event "Guillermo Garcia Memorial op"]
[Site "Santa Clara"]
[Date "2022.05.04"]
[Round "5"]
[White "Gutierrez Delgado, Yusuan Alfredo"]
[Black "Garcia Garcia, Alejandro"]
[Result "1/2-1/2"]
[WhiteElo "2304"]
[BlackElo "2247"]
[PlyCount "112"]
[EventDate "2022.04.30"]
[EventType "swiss"]
[EventRounds "9"]
[EventCountry "CUB"]
[SourceTitle "CBM 208 Extra"]
[Source "ChessBase"]
[SourceDate "2022.07.31"]
[SourceVersion "1"]
[SourceVersionDate "2022.07.31"]
[SourceQuality "1"]

1. e4 c5 2. Nf3 e6 3. d4 cxd4 4. Nxd4 Nf6 5. Nc3 Nc6 6. Ndb5 d6 7. Bf4 e5 8. Bg5 a6 9. Na3 b5 10. Nd5 Be7 11. Bxf6 Bxf6 12. c4 b4 13. Nc2 a5 14. g3 0-0 15. Bg2 Be6 16. 0-0 Bxd5 17. cxd5 Nd4 18. Nxd4 exd4 19. Qd3 Qb6 20. Rac1 Rfc8 21. Bh3 Rc7 22. f4 Raa7 23. Rce1 Re7 24. Rf2 g6 25. Bf1 a4 26. Rc2 Rac7 27. Rxc7 Qxc7 28. Qd2 d3 29. Bxd3 a3 30. Qxb4 Bxb2 31. Re2 Kg7 32. Kg2 Rd7 33. Bb5 Qb6 34. Qc4 Ra7 35. e5 Ra5 36. e6 Rxb5 37. e7 Rc5 38. Qe4 Rc8 39. e8Q Rxe8 40. Qxe8 Qd4 41. Qe4 Qd1 42. Qf3 Bd4 43. g4 Qg1+ 44. Kh3 Qd1 45. f5 g5 46. Re3 Qg1 47. Re2 Be5 48. f6+ Kh6 49. Rxe5 dxe5 50. d6 Qe1 51. d7 e4 52. Qxa3 Qh4+ 53. Kg2 Qxg4+ 54. Qg3 Qe2+ 55. Qf2 Qg4+ 56. Qg3 Qe2+ 1/2-1/2

[Event "Guillermo Garcia Memorial-D 28th"]
[Site "Santa Clara"]
[Date "2019.04.28"]
[Round "6"]
[White "Gutierrez Delgado, Yusuan Alfredo"]
[Black "Perez Marimon, Jorge De Jesus"]
[Result "1-0"]
[WhiteElo "2331"]
[BlackElo "2331"]
[PlyCount "87"]
[EventDate "2019.04.23"]
[EventType "tourn"]
[EventRounds "9"]
[EventCountry "CUB"]
[EventCategory "2"]
[SourceTitle "CBM 190 Extra"]
[Source "ChessBase"]
[SourceDate "2019.07.15"]
[SourceVersion "1"]
[SourceVersionDate "2019.07.15"]
[SourceQuality "1"]

1. e4 e5 2. Nf3 Nc6 3. Bb5 a6 4. Ba4 Nf6 5. 0-0 Be7 6. Re1 b5 7. Bb3 0-0 8. a4 b4 9. d3 d6 10. Nbd2 Rb8 11. a5 Be6 12. Bxe6 fxe6 13. Nc4 Qe8 14. c3 Qg6 15. Qe2 Nh5 16. d4 exd4 17. cxd4 b3 18. Rd1 Nb4 19. Bd2 Nc2 20. Rac1 Nf4 21. Bxf4 Rxf4 22. Ncd2 Rb5 23. Qd3 Qh6 24. Nxb3 Nb4 25. Qe2 Bd8 26. d5 e5 27. Rc3 g5 28. h3 Qh5 29. Re1 Qg6 30. Nh2 h5 31. g3 Rf7 32. Ra1 h4 33. Ng4 hxg3 34. fxg3 Rf8 35. Rf3 Rxf3 36. Qxf3 Nc2 37. Rf1 Be7 38. Nh6+ Kh7 39. Nf5 Bf6 40. Qc3 Nd4 41. Qxc7+ Kg8 42. Nbxd4 exd4 43. Qxd6 Rxb2 44. Ne7+ 1-0

[Event "Guillermo Garcia Memorial-D 28th"]
[Site "Santa Clara"]
[Date "2019.04.26"]
[Round "4"]
[White "Gutierrez Delgado, Yusuan Alfredo"]
[Black "Quesada Vera, Liordis"]
[Result "0-1"]
[WhiteElo "2331"]
[BlackElo "2361"]
[PlyCount "120"]
[EventDate "2019.04.23"]
[EventType "tourn"]
[EventRounds "9"]
[EventCountry "CUB"]
[EventCategory "2"]
[SourceTitle "CBM 190 Extra"]
[Source "ChessBase"]
[SourceDate "2019.07.15"]
[SourceVersion "1"]
[SourceVersionDate "2019.07.15"]
[SourceQuality "1"]

1. e4 e5 2. Nf3 Nc6 3. Bb5 Nf6 4. d3 Ne7 5. 0-0 Ng6 6. d4 c6 7. dxe5 Nxe4 8. Bd3 Nc5 9. Bg5 Be7 10. Bxe7 Qxe7 11. Nc3 0-0 12. Bxg6 fxg6 13. Qd6 Rf7 14. b4 Ne6 15. Ne4 b6 16. Qxe7 Rxe7 17. Nd6 Rb8 18. a4 Bb7 19. a5 b5 20. a6 Ba8 21. Rfb1 c5 22. bxc5 Bc6 23. c4 b4 24. Nb5 Nxc5 25. Nfd4 Be4 26. Rxb4 Rxe5 27. f3 Bc6 28. Rab1 Bxb5 29. cxb5 Rb6 30. Rc1 Rd5 31. Rbb1 Kf7 32. h3 Ne6 33. Nxe6 Kxe6 34. Rc7 Rdxb5 35. Rxb5 Rxb5 36. Rxa7 Rb8 37. Rb7 Ra8 38. a7 Kd6 39. Rb8 Rxa7 40. Rg8 Ra2 41. Rxg7 Ke6 42. Rxh7 d5 43. Rh8 Ke5 44. Kf1 Kf4 45. Ke1 Rxg2 46. Rd8 Ke3 47. Kd1 d4 48. Rd6 Kd3 49. Kc1 Rg1+ 50. Kb2 Ke3 51. Kc2 Rg2+ 52. Kd1 g5 53. Rd5 Rg1+ 54. Kc2 Rg3 55. Re5+ Kxf3 56. Kd3 Rxh3 57. Kxd4 Rh4+ 58. Kd3 g4 59. Re3+ Kf2 60. Re2+ Kf1 0-1

[Event "Guillermo Garcia Memorial-D 28th"]
[Site "Santa Clara"]
[Date "2019.04.25"]
[Round "3"]
[White "Forgas Moreno, Yaniela"]
[Black "Gutierrez Delgado, Yusuan Alfredo"]
[Result "0-1"]
[WhiteElo "2250"]
[BlackElo "2331"]
[PlyCount "106"]
[EventDate "2019.04.23"]
[EventType "tourn"]
[EventRounds "9"]
[EventCountry "CUB"]
[EventCategory "2"]
[SourceTitle "CBM 190 Extra"]
[Source "ChessBase"]
[SourceDate "2019.07.15"]
[SourceVersion "1"]
[SourceVersionDate "2019.07.15"]
[SourceQuality "1"]

1. e4 e6 2. d4 d5 3. Nc3 Nf6 4. e5 Nfd7 5. f4 c5 6. Nf3 Nc6 7. Be3 cxd4 8. Nxd4 Bc5 9. Qd2 0-0 10. Be2 a6 11. 0-0 Nxd4 12. Bxd4 b5 13. Bxc5 Nxc5 14. Qd4 Qb6 15. b4 Na4 16. Qxb6 Nxb6 17. Rfd1 Bd7 18. Bd3 Rfc8 19. Ne2 Nc4 20. Nd4 a5 21. a3 f6 22. Nb3 fxe5 23. Nc5 Be8 24. Bxc4 bxc4 25. fxe5 Kf7 26. Nb7 Ke7 27. Nxa5 Ba4 28. Rd2 c3 29. Rf2 Rf8 30. Rd1 Rac8 31. Rxf8 Rxf8 32. Nb7 Bxc2 33. Rc1 Bd3 34. a4 Rf1+ 35. Rxf1 Bxf1 36. Na5 c2 37. Nb3 Bc4 38. Nc1 d4 39. Kf2 Kd7 40. Ke1 Kc6 41. Kd2 d3 42. Kc3 Kd5 43. b5 Kxe5 44. b6 Kd6 45. a5 Kc6 46. Kd2 e5 47. g3 e4 48. Ke3 Kb7 49. Kd2 Ka6 50. Ke3 Bd5 51. Kd2 Kb5 52. b7 Bxb7 53. Nb3 Bd5 0-1

[Event "Agosto de Victorias tt"]
[Site "Mayabeque"]
[Date "2018.08.07"]
[Round "7.3"]
[White "Elias Reyes, Jorge Roberto"]
[Black "Gutierrez Delgado, Yusuan Alfredo"]
[Result "1-0"]
[WhiteElo "2306"]
[BlackElo "2299"]
[PlyCount "65"]
[EventDate "2018.08.04"]
[EventType "team-tourn"]
[EventRounds "10"]
[EventCountry "CUB"]
[SourceTitle "EXT 2021"]
[Source "ChessBase"]
[SourceDate "2020.10.23"]
[SourceVersion "1"]
[SourceVersionDate "2020.10.23"]
[SourceQuality "1"]
[WhiteTeam "Havana"]
[BlackTeam "Cotorro"]
[WhiteTeamCountry "CUB"]
[BlackTeamCountry "CUB"]

1. e4 c5 2. Nf3 e6 3. d4 cxd4 4. Nxd4 Nc6 5. Nc3 Qc7 6. Be3 a6 7. Be2 Nf6 8. 0-0 Be7 9. f4 d6 10. Qe1 0-0 11. Qg3 Nxd4 12. Bxd4 b5 13. a3 Bb7 14. Kh1 Rad8 15. Rae1 Bc6 16. Bd3 Qb7 17. Nd1 Nh5 18. Qg4 Nf6 19. Qg3 Nh5 20. Qh3 Nxf4 21. Rxf4 e5 22. Ne3 exd4 23. Nf5 Bg5 24. Rg4 f6 25. Nxd6 Qd7 26. e5 g6 27. Qg3 Qe6 28. Nf5 gxf5 29. exf6 Qxf6 30. Rxg5+ Kh8 31. Rxf5 Qg7 32. Qxg7+ Kxg7 33. Re7+ 1-0

[Event "Guillermo Garcia Memorial op 27th"]
[Site "Santa Clara"]
[Date "2018.05.29"]
[Round "7"]
[White "Gutierrez Delgado, Yusuan Alfredo"]
[Black "Lotero, Faiber"]
[Result "1-0"]
[WhiteElo "2304"]
[BlackElo "2122"]
[PlyCount "151"]
[EventDate "2018.05.22"]
[EventType "swiss"]
[EventRounds "9"]
[EventCountry "CUB"]
[SourceTitle "CBM 184 Extra"]
[Source "ChessBase"]
[SourceDate "2018.06.28"]
[SourceVersion "1"]
[SourceVersionDate "2018.06.28"]
[SourceQuality "1"]

1. e4 c5 2. Nf3 Nc6 3. d4 cxd4 4. Nxd4 e5 5. Nb5 a6 6. Nd6+ Bxd6 7. Qxd6 Qf6 8. Qc7 Nge7 9. Nc3 Nb4 10. Bd3 d5 11. a3 Nxd3+ 12. cxd3 d4 13. Na4 Qc6 14. Qxc6+ Nxc6 15. Nb6 Rb8 16. Nxc8 Rxc8 17. Bd2 Kd7 18. Ke2 Ne7 19. g3 Rc2 20. Rab1 Rhc8 21. f4 f6 22. f5 R8c6 23. g4 Rb6 24. b4 Ra2 25. Ra1 Rxa1 26. Rxa1 Rc6 27. a4 Rc2 28. h4 h6 29. Kd1 Rc8 30. Ra2 Rg8 31. b5 Ra8 32. Rb2 axb5 33. Rxb5 Kc6 34. Ra5 Re8 35. Kc2 Rc8 36. Rb5 b6 37. Kb3 Ra8 38. Bb4 Ra7 39. g5 hxg5 40. hxg5 Rd7 41. gxf6 gxf6 42. Be1 Nc8 43. Bh4 Nd6 44. Rb4 Ne8 45. Rc4+ Kb7 46. Rc2 Rh7 47. Rh2 Kc6 48. Bg3 Rxh2 49. Bxh2 Nc7 50. Bg3 Kd6 51. Bh4 Ke7 52. Kc4 Kf7 53. Be1 Ke7 54. Bb4+ Kd7 55. Ba3 Ke8 56. Bd6 Kd7 57. Bb4 Ke8 58. a5 bxa5 59. Bxa5 Na6 60. Kb5 Nb8 61. Bc7 Nd7 62. Kc6 Nf8 63. Kd5 Kf7 64. Bxe5 fxe5 65. Kxe5 Nd7+ 66. Kxd4 Kf6 67. Ke3 Nc5 68. d4 Nd7 69. Kf4 Ke7 70. e5 Nb6 71. Ke4 Kd7 72. d5 Ke7 73. Kd4 Nd7 74. d6+ Ke8 75. Kd5 Nb6+ 76. Kc6 1-0

[Event "Capablanca Memorial op 53rd"]
[Site "Havana"]
[Date "2018.05.12"]
[Round "4"]
[White "Gutierrez Delgado, Yusuan Alfredo"]
[Black "Maso Fonseca, Rider"]
[Result "1-0"]
[WhiteElo "2304"]
[BlackElo "2075"]
[PlyCount "71"]
[EventDate "2018.05.09"]
[EventType "swiss"]
[EventRounds "10"]
[EventCountry "CUB"]
[SourceTitle "EXT 2021"]
[Source "ChessBase"]
[SourceDate "2020.10.23"]
[SourceVersion "1"]
[SourceVersionDate "2020.10.23"]
[SourceQuality "1"]

1. e4 e6 2. d4 d5 3. Nc3 Bb4 4. e5 c5 5. a3 Bxc3+ 6. bxc3 Qc7 7. Qg4 f5 8. Qg3 Nc6 9. Nf3 cxd4 10. Bb5 dxc3 11. a4 a6 12. Bxc6+ bxc6 13. Ba3 c5 14. Bxc5 g6 15. Bd4 Ne7 16. Ra3 Qc4 17. Rxc3 Qxa4 18. 0-0 Nc6 19. Qf4 Nxd4 20. Nxd4 Qd7 21. h4 Qf7 22. Ra1 0-0 23. Nb5 Bd7 24. Nd6 Qe7 25. Rg3 Kh8 26. Rga3 Bc8 27. Rc3 a5 28. Rc5 Qd8 29. Ra3 Bd7 30. Qh6 a4 31. Rcc3 Qe7 32. Rg3 Qg7 33. Qf4 h5 34. Rgc3 Ra7 35. Qd4 Rfa8 36. Rc5 1-0

[Event "Capablanca Memorial op 53rd"]
[Site "Havana"]
[Date "2018.05.11"]
[Round "3"]
[White "Vera Gonzalez Quevedo, Reynaldo"]
[Black "Gutierrez Delgado, Yusuan Alfredo"]
[Result "1-0"]
[WhiteElo "2435"]
[BlackElo "2304"]
[PlyCount "75"]
[EventDate "2018.05.09"]
[EventType "swiss"]
[EventRounds "10"]
[EventCountry "CUB"]
[SourceTitle "EXT 2019"]
[Source "ChessBase"]
[SourceDate "2018.10.10"]
[SourceVersion "1"]
[SourceVersionDate "2018.10.10"]
[SourceQuality "1"]

1. Nf3 Nf6 2. c4 g6 3. Nc3 d5 4. cxd5 Nxd5 5. e4 Nxc3 6. bxc3 Bg7 7. Be2 0-0 8. d4 c5 9. 0-0 cxd4 10. cxd4 Nc6 11. Be3 Bg4 12. d5 Ne5 13. Nxe5 Bxe2 14. Qxe2 Bxe5 15. Rab1 Qd7 16. f4 Bc3 17. Qb5 Qxb5 18. Rxb5 b6 19. Rc1 Rfc8 20. Kf2 Kf8 21. Ke2 Ke8 22. Kd3 Ba5 23. Rbb1 Kd7 24. e5 h5 25. Bd4 a6 26. Rxc8 Rxc8 27. Rb3 Kc7 28. a4 Kd7 29. Rb2 Rb8 30. Rc2 e6 31. Ke4 exd5+ 32. Kxd5 b5 33. Rc6 bxa4 34. Rxa6 Bd2 35. Bc5 Bxf4 36. Ra7+ Kc8 37. Rxf7 Bxh2 38. Kc6 1-0